[Event "NCL967 Celtic Kts-Witney"]
[Site "Rd9"]
[Date "1997.??.??"]
[Round "9.7"]
[White "Sheehan, Anthony"]
[Black "Jones, Nicholas"]
[Result "0-1"]
[WhiteElo "2100"]
[BlackElo "1936"]
[PlyCount "62"]
[EventDate "1997.03.22"]
[Source "J.Saunders"]
[SourceDate "1998.06.06"]

1. e4 d5 2. exd5 Nf6 3. c4 e6 4. dxe6 Bxe6 5. d4 Bb4+ 6. Bd2 Qe7 7. Bxb4 Qxb4+
8. Qd2 Nc6 9. Qxb4 Nxb4 10. Na3 O-O-O 11. Nf3 Rhe8 12. Be2 Bg4 13. Rd1 Bxf3 14.
gxf3 Nh5 15. Rd2 Nf4 16. Kd1 Nxe2 17. Rxe2 Rxd4+ 18. Rd2 Rxd2+ 19. Kxd2 Nxa2
20. Nc2 a5 21. Ra1 Nb4 22. Rxa5 Nxc2 23. Ra8+ Kd7 24. Rxe8 Kxe8 25. Kxc2 Ke7
26. Kd3 Kf6 27. b4 Ke5 28. b5 g5 29. Ke3 c5 30. Kd3 Kf4 31. Ke2 b6 0-1

[Event "NCL967 Celtic Kts-Witney"]
[Site "Rd9"]
[Date "1997.??.??"]
[Round "9.8"]
[White "Moxley, Carl"]
[Black "Wilson, Julie"]
[Result "1/2-1/2"]
[WhiteElo "1888"]
[BlackElo "1656"]
[PlyCount "52"]
[EventDate "1997.03.22"]
[Source "J.Saunders"]
[SourceDate "1998.06.06"]

1. d4 Nf6 2. Nf3 e6 3. Bg5 Be7 4. e3 b6 5. Nbd2 Bb7 6. Bd3 h6 7. Bh4 d5 8. Ne5
Nbd7 9. f4 Ne4 10. Bxe7 Qxe7 11. O-O O-O-O 12. a4 Nxe5 13. fxe5 a5 14. c4 Qg5
15. Qe2 Nxd2 16. Qxd2 dxc4 17. h4 Qxh4 18. Bxc4 Qe7 19. Rac1 f6 20. Qc2 Bd5 21.
exf6 gxf6 22. Bxd5 exd5 23. Qc6 Kb8 24. Rxf6 Qxe3+ 25. Kh1 Qg3 26. Rf3 Qg7
1/2-1/2

[Event "NCL967 Croydon-Hertford"]
[Site "Rd9"]
[Date "1997.??.??"]
[Round "9.1"]
[White "Wilson, Jon"]
[Black "Swanson, Stephen"]
[Result "1/2-1/2"]
[WhiteElo "2285"]
[BlackElo "2265"]
[PlyCount "89"]
[EventDate "1997.03.22"]
[Source "J.Saunders"]
[SourceDate "1998.06.06"]

1. d4 d6 2. Nf3 Nf6 3. c4 Nbd7 4. Nc3 e5 5. e4 Be7 6. Be2 O-O 7. O-O Re8 8. d5
c5 9. Ne1 Nf8 10. Nd3 Ng6 11. b4 b6 12. bxc5 bxc5 13. Rb1 h6 14. Bd2 Nh7 15.
Bg4 Bg5 16. Bxc8 Qxc8 17. Nb5 Qd7 18. Ba5 Rec8 19. Re1 Be7 20. h3 Nf6 21. Kh2
Kh7 22. g3 Rab8 23. f4 exf4 24. gxf4 a6 25. Nc3 Rxb1 26. Nxb1 Ne8 27. Qg4 Nf6
28. Qxd7 Nxd7 29. Nd2 Rb8 30. Rb1 Rxb1 31. Nxb1 f5 32. Nd2 fxe4 33. Nxe4 Nh4
34. Ng3 g6 35. Nf2 Nf6 36. Ng4 Ne8 37. Ne3 Bf6 38. Ne4 Bd4 39. Nc2 Nf5 40. Nxd4
Nxd4 41. Kg2 Nf5 42. Kf2 Kg7 43. Ng3 Kf7 44. Nxf5 gxf5 45. Bc3 1/2-1/2

[Event "NCL967 Croydon-Hertford"]
[Site "Rd9"]
[Date "1997.??.??"]
[Round "9.2"]
[White "Duncan, Chris"]
[Black "Dunworth, Chris"]
[Result "1/2-1/2"]
[WhiteElo "2340"]
[BlackElo "2330"]
[PlyCount "24"]
[EventDate "1997.03.22"]
[Source "J.Saunders"]
[SourceDate "1998.06.06"]

1. e4 c5 2. c3 d5 3. exd5 Qxd5 4. d4 Nf6 5. Nf3 e6 6. Bd3 Nc6 7. O-O Be7 8. c4
Qh5 9. dxc5 Bxc5 10. Nc3 O-O 11. Bf4 Rd8 12. Re1 b6 1/2-1/2

[Event "NCL967 Croydon-Hertford"]
[Site "Rd9"]
[Date "1997.??.??"]
[Round "9.3"]
[White "Harley, Andrew"]
[Black "Coleman, David"]
[Result "1-0"]
[WhiteElo "2265"]
[BlackElo "2280"]
[PlyCount "95"]
[EventDate "1997.03.22"]
[Source "J.Saunders"]
[SourceDate "1998.06.06"]

1. e4 c5 2. c3 Nf6 3. e5 Nd5 4. d4 cxd4 5. Nf3 Nc6 6. Bc4 Nb6 7. Bb3 d5 8. exd6
Qxd6 9. O-O Be6 10. Na3 dxc3 11. Qe2 Bxb3 12. Nb5 Qb8 13. axb3 e5 14. bxc3 Be7
15. Bg5 Nc8 16. Bxe7 N8xe7 17. Rfd1 O-O 18. Rd7 Ng6 19. Rad1 Qc8 20. Qc4 a6 21.
Nc7 Rb8 22. Ng5 Nce7 23. Qa4 h6 24. Ne4 Nc6 25. Qc4 Nd4 26. Qd5 Nf4 27. Qd6 Nc6
28. g3 Ng6 29. Nd5 Rd8 30. Nb6 Rxd7 31. Nxd7 Ra8 32. Nb6 Qf5 33. Nxa8 Qxe4 34.
Qd3 Qg4 35. f3 Qe6 36. Qd5 Qf6 37. Nc7 Qe7 38. Qd6 Qg5 39. Kf2 h5 40. Nd5 h4
41. Ne3 Qh5 42. Qd7 Nce7 43. Qe8+ Kh7 44. Qxf7 e4 45. fxe4 Qa5 46. Nd5 Qa2+ 47.
Ke3 Qxh2 48. Nf6+ 1-0

[Event "NCL967 Croydon-Hertford"]
[Site "Rd9"]
[Date "1997.??.??"]
[Round "9.4"]
[White "Byway, Paul"]
[Black "Moore, Gerald"]
[Result "1-0"]
[WhiteElo "2230"]
[BlackElo "2215"]
[PlyCount "73"]
[EventDate "1997.03.22"]
[Source "J.Saunders"]
[SourceDate "1998.06.06"]

1. d4 Nf6 2. Bf4 d6 3. e3 g6 4. Nf3 Nh5 5. Bg5 h6 6. Bh4 g5 7. Nfd2 Ng7 8. Bg3
Nf5 9. Bd3 Nxg3 10. hxg3 Bg7 11. Qh5 Nd7 12. Ne4 e6 13. Nbd2 Qe7 14. O-O-O d5
15. Nc3 c5 16. Bb5 a6 17. Bxd7+ Bxd7 18. Nf3 O-O-O 19. e4 dxe4 20. Nxe4 cxd4
21. Qxf7 Rde8 22. Qxe7 Rxe7 23. Nxd4 Rf8 24. g4 Kc7 25. f3 e5 26. Ne2 Be6 27.
N2g3 Rd8 28. Rxd8 Kxd8 29. Nf5 Bxf5 30. gxf5 Bf8 31. c3 Kc7 32. Kc2 Rf7 33. g4
b6 34. Rd1 Kc6 35. Rd8 Kc7 36. Re8 Bd6 37. Re6 1-0

[Event "NCL967 Croydon-Hertford"]
[Site "Rd9"]
[Date "1997.??.??"]
[Round "9.5"]
[White "Gunter, David"]
[Black "Dearing, Eddie"]
[Result "1-0"]
[WhiteElo "2155"]
[BlackElo "2185"]
[PlyCount "104"]
[EventDate "1997.03.22"]
[Source "J.Saunders"]
[SourceDate "1998.06.06"]

1. d4 d5 2. Bg5 h6 3. Bh4 c6 4. e3 Qb6 5. Qc1 e5 6. Nf3 e4 7. Nfd2 Be6 8. c4
Nd7 9. c5 Qc7 10. Bg3 Qd8 11. b4 f5 12. Nc3 g5 13. b5 Bg7 14. bxc6 bxc6 15. Bd6
Ndf6 16. Qa3 Ne7 17. Qa4 O-O 18. Ba6 f4 19. Bb7 Rb8 20. Rb1 fxe3 21. fxe3 Ng4
22. Nd1 Nf5 23. Bxf8 Qxf8 24. O-O Qe7 25. Rxf5 Bxf5 26. Qxc6 Rd8 27. Nf1 h5 28.
Ba6 Bxd4 29. exd4 e3 30. Rb2 Qe4 31. Qa4 Rf8 32. Be2 Nf2 33. Ndxe3 Nh3+ 34. Kh1
Nf2+ 35. Kg1 Nh3+ 36. gxh3 Bxh3 37. Qb3 Qf4 38. Qxd5+ Rf7 39. Bc4 Bxf1 40.
Qxf7+ Qxf7 41. Bxf7+ Kxf7 42. Kxf1 g4 43. Rb7+ Kf6 44. Rd7 Kg5 45. Kf2 Kf4 46.
Re7 h4 47. Ng2+ Kg5 48. Re5+ Kf6 49. Nxh4 a5 50. Kg3 a4 51. Kxg4 a3 52. Kf4 Kg7
1-0

[Event "NCL967 Croydon-Hertford"]
[Site "Rd9"]
[Date "1997.??.??"]
[Round "9.6"]
[White "Denton, John"]
[Black "McGrath, James"]
[Result "1/2-1/2"]
[WhiteElo "2008"]
[BlackElo "2088"]
[PlyCount "55"]
[EventDate "1997.03.22"]
[Source "J.Saunders"]
[SourceDate "1998.06.06"]

1. d4 Nf6 2. Nf3 e6 3. c4 Bb4+ 4. Bd2 Qe7 5. Nc3 c5 6. a3 Bxc3 7. Bxc3 Ne4 8.
Qd3 Nxc3 9. Qxc3 O-O 10. g3 d6 11. Bg2 Nd7 12. O-O e5 13. dxe5 dxe5 14. Nd2 f5
15. Rfd1 e4 16. Nf1 Nf6 17. Rd2 b6 18. Rad1 Bb7 19. Ne3 g6 20. Rd6 Rad8 21. Qd2
Rxd6 22. Qxd6 Qxd6 23. Rxd6 Kf7 24. Kf1 Ke7 25. Rd2 Rd8 26. Ke1 Rxd2 27. Kxd2
Kd6 28. h3 1/2-1/2

[Event "NCL967 Croydon-Hertford"]
[Site "Rd9"]
[Date "1997.??.??"]
[Round "9.8"]
[White "Badger, Jo"]
[Black "Turvey, Syringa"]
[Result "0-1"]
[WhiteElo "1744"]
[BlackElo "1624"]
[PlyCount "122"]
[EventDate "1997.03.22"]
[Source "J.Saunders"]
[SourceDate "1998.06.06"]

1. e4 c5 2. Nc3 Nc6 3. f4 e6 4. Bc4 Nge7 5. d3 g6 6. Nf3 Bg7 7. O-O O-O 8. Qe1
d5 9. Bb3 a6 10. a4 Nd4 11. Nxd4 cxd4 12. Ne2 dxe4 13. dxe4 Bd7 14. Qf2 Bc6 15.
Ng3 d3 16. cxd3 Qxd3 17. Bc2 Qc4 18. Qe2 Qxe2 19. Nxe2 Rfd8 20. Rb1 b5 21. b3
Rac8 22. Be3 Bb7 23. Bd1 Bxe4 24. Rc1 Rxc1 25. Bxc1 Nd5 26. Ng3 Bd3 27. Be2 Nc3
28. Bxd3 Rxd3 29. axb5 Nxb5 30. Re1 Rxb3 31. Rd1 Nd4 32. Kf1 a5 33. Ne2 Nxe2
34. Kxe2 Rb8 35. Bd2 Ra8 36. Rc1 a4 37. Rc2 Kf8 38. Bb4+ Ke8 39. Rc7 Bf6 40.
Ba3 Bd8 41. Rb7 h5 42. Kf3 Rc8 43. Ke4 Rc7 44. Rb4 Ra7 45. Rd4 Be7 46. Rd3 Bxa3
47. Rxa3 Kd7 48. Kd4 Kd6 49. g3 f6 50. h3 e5+ 51. Ke4 Ra6 52. g4 hxg4 53. hxg4
exf4 54. Kxf4 Kc5 55. Ke4 Kb4 56. Ra1 a3 57. Kd3 Rd6+ 58. Kc2 Rc6+ 59. Kd2 Rc3
60. Ra2 Rg3 61. Ra1 Rxg4 0-1

[Event "NCL967 BCM-Bristol"]
[Site "Rd9"]
[Date "1997.??.??"]
[Round "9.1"]
[White "Norwood, David"]
[Black "Beaumont, Chris"]
[Result "0-1"]
[WhiteElo "2520"]
[BlackElo "2330"]
[PlyCount "79"]
[EventDate "1997.03.22"]
[Source "J.Saunders"]
[SourceDate "1998.06.06"]

1. Nf3 g6 2. e4 Bg7 3. d4 c5 4. c3 cxd4 5. cxd4 d5 6. e5 Bg4 7. Nc3 Nc6 8. Be3
Nh6 9. h3 Bxf3 10. Qxf3 Nf5 11. O-O-O e6 12. g4 Nxe3 13. Qxe3 O-O 14. h4 f6 15.
f4 fxe5 16. fxe5 Qb6 17. h5 Nxe5 18. hxg6 hxg6 19. Qh3 Rf2 20. Bb5 Rc8 21. a4
a6 22. Rd2 Rxd2 23. Qh7+ Kf8 24. Rf1+ Nf7 25. Qxg6 Rc7 26. Kxd2 axb5 27. Nxb5
Re7 28. g5 Bxd4 29. Qh7 Qa5+ 30. Kc1 Qxa4 31. Qd3 Qa1+ 32. Kd2 Qxb2+ 33. Kd1
Qa1+ 34. Ke2 Qb2+ 35. Kd1 Bg7 36. g6 Kg8 37. gxf7+ Rxf7 38. Rxf7 Kxf7 39. Qf3+
Ke7 40. Qg4 0-1

[Event "NCL967 BCM-Bristol"]
[Site "Rd9"]
[Date "1997.??.??"]
[Round "9.2"]
[White "Burgess, Graham"]
[Black "Chandler, Murray"]
[Result "1-0"]
[WhiteElo "2290"]
[BlackElo "2550"]
[PlyCount "103"]
[EventDate "1997.03.22"]
[Source "J.Saunders"]
[SourceDate "1998.06.06"]

1. d4 d5 2. c4 e6 3. Nc3 c5 4. cxd5 exd5 5. Nf3 Nc6 6. g3 Nf6 7. Bg2 Be7 8. O-O
O-O 9. Bg5 cxd4 10. Nxd4 h6 11. Be3 Re8 12. Qb3 Na5 13. Qc2 Bg4 14. Nf5 Bb4 15.
Bd4 Bxc3 16. Bxc3 Nc4 17. h3 Bxf5 18. Qxf5 Rxe2 19. Bf3 Re6 20. Rad1 Nd6 21.
Bxf6 Rxf6 22. Qxd5 Qb6 23. Rd2 Rc8 24. Rfd1 Rc5 25. Qd4 Qc7 26. Kg2 a5 27. a3
b5 28. Re2 a4 29. Re5 Rc2 30. Rde1 Nf5 31. Rxf5 Rxf5 32. Re8+ Kh7 33. Be4 Rcc5
34. g4 Qf4 35. Qe3 Qxe3 36. fxe3 g6 37. gxf5 gxf5 38. Bd3 Rd5 39. Bb1 Kg6 40.
Kf3 Rd1 41. Bc2 Rd2 42. Rc8 Kg5 43. Rc5 Kh4 44. Kf4 Rf2+ 45. Ke5 Kg3 46. Rc3
Kxh3 47. Bxf5+ Kh4 48. Rc2 Rf3 49. Rh2+ Kg5 50. Rg2+ Kh4 51. Ke4 Rf1 52. Bd7
1-0

[Event "NCL967 BCM-Bristol"]
[Site "Rd9"]
[Date "1997.??.??"]
[Round "9.3"]
[White "Mestel, Jonathan"]
[Black "Copeland, Graham"]
[Result "1/2-1/2"]
[WhiteElo "2510"]
[BlackElo "2335"]
[PlyCount "89"]
[EventDate "1997.03.22"]
[Source "J.Saunders"]
[SourceDate "1998.06.06"]

1. c4 e5 2. Nc3 Nc6 3. g3 g6 4. Bg2 Bg7 5. d3 d6 6. e4 Nge7 7. Nge2 O-O 8. O-O
Be6 9. Nd5 Qd7 10. Bg5 f6 11. Be3 Rae8 12. b4 f5 13. b5 Nd4 14. Nxd4 exd4 15.
Bg5 Bxd5 16. exd5 Kh8 17. Re1 Ng8 18. Re6 b6 19. Qe2 Ra8 20. Re1 a6 21. a4 axb5
22. axb5 Qf7 23. h4 h6 24. Bf4 Bf6 25. Bc1 Qg7 26. Bb2 Rf7 27. Bh3 h5 28. Bg2
Raf8 29. Bc1 Nh6 30. Bg5 Bxg5 31. hxg5 Ng4 32. Bh3 Ne5 33. f4 Nd7 34. Qf3 Nc5
35. R6e2 Nd7 36. Ra2 Nc5 37. Qe2 Nd7 38. Bf1 Nc5 39. Ra7 Rd7 40. Kf2 Qf7 41.
Kg1 Qg7 42. Kh2 Kg8 43. Kh3 Rc8 44. Ra2 Kf8 45. Qb2 1/2-1/2

[Event "NCL967 BCM-Bristol"]
[Site "Rd9"]
[Date "1997.??.??"]
[Round "9.4"]
[White "Mah, Karl"]
[Black "Bellin, Robert"]
[Result "1-0"]
[WhiteElo "2245"]
[BlackElo "2375"]
[PlyCount "57"]
[EventDate "1997.03.22"]
[Source "J.Saunders"]
[SourceDate "1998.06.06"]

1. d4 e6 2. c4 f5 3. g3 Nf6 4. Bg2 Be7 5. Nf3 O-O 6. O-O d6 7. b3 Qe8 8. Bb2 a5
9. Nbd2 c6 10. Ne1 Na6 11. e4 fxe4 12. Nxe4 Qg6 13. Qe2 Bd7 14. Nd3 Nxe4 15.
Bxe4 Qh6 16. Rae1 Kh8 17. Bg2 Rae8 18. f4 Nb4 19. Bc3 Nxd3 20. Qxd3 b6 21. d5
exd5 22. cxd5 c5 23. Qa6 Bd8 24. Qb7 Bb5 25. Re6 Rxe6 26. dxe6 Bf6 27. Qf7 Rxf7
28. exf7 Be7 29. Re1 1-0

[Event "NCL967 BCM-Bristol"]
[Site "Rd9"]
[Date "1997.??.??"]
[Round "9.5"]
[White "Cafferty, Bernard"]
[Black "Collier, David"]
[Result "1/2-1/2"]
[WhiteElo "2240"]
[BlackElo "2225"]
[PlyCount "47"]
[EventDate "1997.03.22"]
[Source "J.Saunders"]
[SourceDate "1998.06.06"]

1. Nf3 Nf6 2. g3 e6 3. Bg2 b6 4. O-O Bb7 5. c4 Be7 6. b3 O-O 7. Bb2 c5 8. Nc3
d5 9. e3 Nc6 10. Qe2 dxc4 11. bxc4 Rc8 12. Rfd1 Qc7 13. Rac1 Rfd8 14. d4 Na5
15. Nb5 Qb8 16. dxc5 Bxc5 17. Bxf6 gxf6 18. Nd2 Bxg2 19. Kxg2 Qb7+ 20. Kg1 Bb4
21. Nb3 Qe7 22. Nxa5 Bxa5 23. Rxd8+ Rxd8 24. Nd4 1/2-1/2

[Event "NCL967 BCM-Bristol"]
[Site "Rd9"]
[Date "1997.??.??"]
[Round "9.6"]
[White "Phillips, Roy"]
[Black "Anderton, David"]
[Result "1-0"]
[WhiteElo "2120"]
[BlackElo "2200"]
[PlyCount "67"]
[EventDate "1997.03.22"]
[Source "J.Saunders"]
[SourceDate "1998.06.06"]

1. Nf3 f5 2. d4 Nf6 3. g3 g6 4. Bg2 Bg7 5. O-O O-O 6. c4 d6 7. Nc3 Qe8 8. d5
Na6 9. Nd4 Bd7 10. e4 Nxe4 11. Nxe4 fxe4 12. Bxe4 Nc5 13. Bg2 a5 14. b3 Qf7 15.
Be3 h6 16. Rc1 g5 17. a3 Qg6 18. Rc3 h5 19. b4 axb4 20. axb4 Na4 21. Qc2 Qf6
22. Ra3 Nb6 23. Rfa1 Rab8 24. c5 dxc5 25. bxc5 Nc8 26. Rb1 Be8 27. Ne6 Bg6 28.
Be4 Bxe4 29. Qxe4 Qf5 30. Qxf5 Rxf5 31. Nxc7 Be5 32. Ne6 Bf6 33. Nd8 Rxd5 34.
Nc6 1-0

[Event "NCL967 BCM-Bristol"]
[Site "Rd9"]
[Date "1997.??.??"]
[Round "9.7"]
[White "Bellin, Jana"]
[Black "Buckley, Simon"]
[Result "1-0"]
[WhiteElo "2215"]
[BlackElo "2110"]
[PlyCount "82"]
[EventDate "1997.03.22"]
[Source "J.Saunders"]
[SourceDate "1998.06.06"]

1. d4 Nf6 2. c4 g6 3. Nc3 Bg7 4. e4 d6 5. f3 b6 6. Be3 c5 7. Nge2 Nbd7 8. Qd2
Bb7 9. d5 a6 10. Ng3 h5 11. Be2 Qc7 12. O-O h4 13. Nh1 h3 14. g3 Ne5 15. Nf2
Bc8 16. Qd1 Ned7 17. a4 Nf8 18. f4 Ng8 19. Bf3 Bd7 20. Qe2 Rb8 21. Rfd1 Nh6 22.
g4 f6 23. Nxh3 Nf7 24. Nf2 g5 25. f5 Ne5 26. b3 Kf7 27. Nd3 Nxf3+ 28. Qxf3 Be8
29. Kg2 Bd7 30. Bf2 Nh7 31. Qe2 a5 32. Ne1 Rbg8 33. Nf3 Bh6 34. Rh1 Qd8 35.
Rag1 Kg7 36. Kf1 Qb8 37. Be3 Be8 38. Qd2 Bd7 39. Ne2 Bc8 40. Ng3 Bd7 41. Nh5+
Kf8 1-0

[Event "NCL967 BCM-Bristol"]
[Site "Rd9"]
[Date "1997.??.??"]
[Round "9.8"]
[White "Buckley, Melanie"]
[Black "Wilman, Carey"]
[Result "1/2-1/2"]
[WhiteElo "2040"]
[BlackElo "2060"]
[PlyCount "82"]
[EventDate "1997.03.22"]
[Source "J.Saunders"]
[SourceDate "1998.06.06"]

1. e4 d6 2. d4 Nf6 3. Nc3 g6 4. h3 Bg7 5. Be3 c6 6. Qd2 b5 7. Bd3 Bb7 8. Nf3 b4
9. Nd1 a5 10. c3 Na6 11. Bh6 O-O 12. Bxg7 Kxg7 13. O-O c5 14. Re1 c4 15. Bxc4
Nxe4 16. Qe2 d5 17. Bd3 f5 18. Nd2 Rf7 19. f3 Nf6 20. Qe5 Qb8 21. c4 Qxe5 22.
Rxe5 Nd7 23. Re2 Nc7 24. a3 e5 25. dxe5 Nc5 26. Bc2 dxc4 27. axb4 axb4 28. Rxa8
Nxa8 29. e6 Re7 30. Re5 b3 31. Bb1 Nxe6 32. Nxc4 Kf6 33. Re1 Ba6 34. Nd2 Nd4
35. Rxe7 Kxe7 36. Kf2 Kd6 37. Ke3 Kc5 38. Bd3 Nc2+ 39. Ke2 Nd4+ 40. Ke3 Nc2+
41. Ke2 Nd4+ 1/2-1/2

[Event "NCL967 Guildford-Midland Mons"]
[Site "Rd9"]
[Date "1997.??.??"]
[Round "9.2"]
[White "Hebden, Mark"]
[Black "Kinsman, Andrew"]
[Result "1-0"]
[WhiteElo "2530"]
[BlackElo "2400"]
[PlyCount "107"]
[EventDate "1997.03.22"]
[Source "J.Saunders"]
[SourceDate "1998.06.06"]

1. c4 c5 2. Nf3 Nf6 3. e3 g6 4. b3 Bg7 5. Bb2 O-O 6. Be2 Nc6 7. O-O b6 8. d4
cxd4 9. exd4 d5 10. Ne5 Bb7 11. Bf3 Rc8 12. Nd2 Nxe5 13. dxe5 Nd7 14. Qe2 Qc7
15. Bg4 e6 16. Rfe1 Qb8 17. Rac1 Bh6 18. Rcd1 Rfd8 19. cxd5 Bxd5 20. Ne4 Bxe4
21. Qxe4 Nc5 22. Qe2 Rc7 23. g3 Rcd7 24. Rxd7 Rxd7 25. Rd1 Qd8 26. Rxd7 Qxd7
27. Bc3 Bf8 28. Kf1 a5 29. Qd1 Qb5+ 30. Be2 Qc6 31. Bf3 Qb5+ 32. Kg2 a4 33. b4
Nd3 34. a3 Qc4 35. Ba1 Bg7 36. Be2 Qd5+ 37. f3 Nxe5 38. Qd4 h5 39. Kf1 g5 40.
Bb2 g4 41. Qxd5 exd5 42. fxg4 hxg4 43. Bb5 Nc4 44. Bc1 Bb2 45. Bxb2 Nxb2 46.
Ke2 Kg7 47. Ke3 Kf6 48. Kd4 Ke6 49. Bc6 Kd6 50. Bxd5 f6 51. Bf7 Nd1 52. Be8 Nb2
53. Bb5 Ke6 54. Be2 1-0

[Event "NCL967 Guildford-Midland Mons"]
[Site "Rd9"]
[Date "1997.??.??"]
[Round "9.3"]
[White "Thompson, Ian"]
[Black "Arkell, Keith"]
[Result "0-1"]
[WhiteElo "2300"]
[BlackElo "2545"]
[PlyCount "140"]
[EventDate "1997.03.22"]
[Source "J.Saunders"]
[SourceDate "1998.06.06"]

1. c4 c5 2. Nc3 Nf6 3. g3 Nc6 4. Bg2 g6 5. e3 Bg7 6. Nge2 O-O 7. O-O d6 8. d4
Bg4 9. h3 cxd4 10. exd4 Bxe2 11. Nxe2 d5 12. c5 b6 13. Be3 bxc5 14. dxc5 Rb8
15. Nd4 Na5 16. Rb1 e5 17. Nc2 Nc4 18. Bg5 Nxb2 19. Qc1 Nd3 20. Qa3 e4 21. Qxa7
Ra8 22. Qb6 h6 23. Be3 Nd7 24. Qd6 N7e5 25. Nd4 Qxd6 26. cxd6 Rfd8 27. Nb5 Nc4
28. Nc7 Nxe3 29. fxe3 Ra5 30. Rb7 Nc5 31. Rb5 Rxb5 32. Nxb5 Rb8 33. a4 Nxa4 34.
Rb1 Be5 35. Bf1 Bxg3 36. Rc1 Rd8 37. Rc6 Nb2 38. Kg2 Be5 39. Be2 Nd3 40. Bxd3
exd3 41. Kf3 f6 42. h4 Kf8 43. h5 gxh5 44. Nd4 Bxd4 45. exd4 Kf7 46. Ke3 Ke6
47. d7+ Ke7 48. Kxd3 Rxd7 49. Ke3 Kf7 50. Kf4 Kg6 51. Re6 Rd8 52. Re1 Kf7 53.
Ra1 Ke6 54. Re1+ Kd7 55. Ra1 Rc8 56. Kf5 Rc4 57. Ra7+ Kc6 58. Rh7 Rxd4 59. Rxh6
h4 60. Rxf6+ Kc5 61. Rh6 Re4 62. Rh8 Kc4 63. Rh7 Kd3 64. Ra7 Rc4 65. Rh7 Ke3
66. Ke5 d4 67. Kd5 Rc8 68. Rxh4 d3 69. Rh3+ Kd2 70. Kd4 Kc2 0-1

[Event "NCL967 Guildford-Midland Mons"]
[Site "Rd9"]
[Date "1997.??.??"]
[Round "9.4"]
[White "Webster, Andrew"]
[Black "Kennaugh, Charles"]
[Result "1/2-1/2"]
[WhiteElo "2415"]
[BlackElo "2290"]
[PlyCount "101"]
[EventDate "1997.03.22"]
[Source "J.Saunders"]
[SourceDate "1998.06.06"]

1. c4 e5 2. g3 Nf6 3. Bg2 d5 4. cxd5 Nxd5 5. Nf3 Nc6 6. O-O g6 7. d4 e4 8. Ne5
Nxe5 9. dxe5 Bg7 10. Bxe4 c6 11. Qd4 O-O 12. Bg2 Qe7 13. f4 Bg4 14. e4 Nb4 15.
Qc3 Rfd8 16. a3 a5 17. Be3 Rd3 18. Qc1 Nc2 19. Qxc2 Rxe3 20. Nd2 Bf8 21. Rf2
Qc5 22. Qxc5 Bxc5 23. Bf1 Bf3 24. Rc1 Ba7 25. Bc4 Bxe4 26. Kf1 b5 27. Nxe4 Rxe4
28. Bd3 Re3 29. Bb1 Rd8 30. Re2 Rxe2 31. Kxe2 c5 32. a4 bxa4 33. Ba2 Rb8 34.
Rc2 Rb4 35. Bc4 Kf8 36. Kd3 Ke7 37. Ke4 h5 38. Kd5 Kd7 39. Rf2 Rb8 40. f5 gxf5
41. Rxf5 Ke8 42. Rf2 Rb4 43. Rc2 Ke7 44. h4 f6 45. Rf2 fxe5 46. Rf5 Bb8 47.
Rxh5 e4 48. g4 e3 49. Rh7+ Kf8 50. Rh8+ Ke7 51. Rh7+ 1/2-1/2

[Event "NCL967 Guildford-Midland Mons"]
[Site "Rd9"]
[Date "1997.??.??"]
[Round "9.5"]
[White "Singleton, Michael"]
[Black "Turner, Matthew"]
[Result "1/2-1/2"]
[WhiteElo "2048"]
[BlackElo "2425"]
[PlyCount "30"]
[EventDate "1997.03.22"]
[Source "J.Saunders"]
[SourceDate "1998.06.06"]

1. d4 Nf6 2. c4 g6 3. Nc3 Bg7 4. e4 d6 5. Be2 O-O 6. Bg5 h6 7. Bf4 Kh7 8. Nf3
Nc6 9. d5 e5 10. Be3 Ne7 11. h4 c6 12. g4 Qa5 13. Bd2 Qb6 14. Be3 Qa5 15. Bd2
Qb6 1/2-1/2

[Event "NCL967 Guildford-Midland Mons"]
[Site "Rd9"]
[Date "1997.??.??"]
[Round "9.6"]
[White "Ferguson, Mark"]
[Black "Punnett, Alan"]
[Result "1-0"]
[WhiteElo "2385"]
[BlackElo "2080"]
[PlyCount "61"]
[EventDate "1997.03.22"]
[Source "J.Saunders"]
[SourceDate "1998.06.06"]

1. e4 e6 2. d3 c5 3. Nf3 Nc6 4. g3 d6 5. Bg2 Nf6 6. O-O Be7 7. Re1 Qc7 8. c3
O-O 9. d4 d5 10. exd5 Nxd5 11. c4 Nb6 12. dxc5 Bxc5 13. Bf4 Qd8 14. Qe2 Nd4 15.
Nxd4 Bxd4 16. Na3 a6 17. Rad1 Qf6 18. Bd6 Re8 19. c5 Nd7 20. c6 bxc6 21. Bxc6
Ra7 22. Bb8 Nxb8 23. Bxe8 Bb7 24. Rd2 e5 25. Ba4 Bf3 26. Qc4 g6 27. Qc8+ Kg7
28. Qxb8 Qf5 29. Bd1 e4 30. Bxf3 exf3 31. Qf4 1-0

[Event "NCL967 Guildford-Midland Mons"]
[Site "Rd9"]
[Date "1997.??.??"]
[Round "9.7"]
[White "Ashby, Ann-Marie"]
[Black "Hunt, Harriet"]
[Result "0-1"]
[WhiteElo "2110"]
[BlackElo "2315"]
[PlyCount "58"]
[EventDate "1997.03.22"]
[Source "J.Saunders"]
[SourceDate "1998.06.06"]

1. d4 d5 2. Bg5 c5 3. e3 cxd4 4. exd4 Qb6 5. Bc1 Nf6 6. Bd3 Nc6 7. c3 e5 8. Ne2
e4 9. Bc2 Bd6 10. Nd2 O-O 11. Nf1 Be6 12. Rb1 Qc7 13. Bg5 Ne8 14. Qd2 b5 15.
Nfg3 Na5 16. O-O Nc4 17. Qc1 f5 18. Bf4 g6 19. Re1 Ng7 20. Nf1 Nh5 21. Bxd6
Qxd6 22. Neg3 Ng7 23. b3 Na3 24. Ra1 Rac8 25. Ne2 b4 26. Qd2 bxc3 27. Qd1 f4
28. Nc1 Nf5 29. f3 Nxd4 0-1

[Event "NCL967 Guildford-Midland Mons"]
[Site "Rd9"]
[Date "1997.??.??"]
[Round "9.8"]
[White "Cooper, Lawrence"]
[Black "Fink Nunn, Petra"]
[Result "1-0"]
[WhiteElo "2335"]
[BlackElo "2080"]
[PlyCount "49"]
[EventDate "1997.03.22"]
[Source "J.Saunders"]
[SourceDate "1998.06.06"]

1. e4 c5 2. c3 d5 3. exd5 Qxd5 4. d4 Nf6 5. Nf3 Bg4 6. Be2 e6 7. O-O Nc6 8. Na3
cxd4 9. Nb5 Rc8 10. Nbxd4 Be7 11. Nxc6 bxc6 12. Qa4 O-O 13. h3 Bh5 14. Be3 Bc5
15. Rfd1 Qe4 16. Qxe4 Nxe4 17. Bxc5 Nxc5 18. Rd4 Rfd8 19. Rad1 Rxd4 20. Rxd4 e5
21. Rh4 Bxf3 22. Bxf3 Nd3 23. Ra4 Rc7 24. g3 Nxb2 25. Rb4 1-0

[Event "NCL967 Barbican-Wood Green"]
[Site "Rd9"]
[Date "1997.??.??"]
[Round "9.1"]
[White "Emms, John"]
[Black "Crouch, Colin"]
[Result "1-0"]
[WhiteElo "2500"]
[BlackElo "2375"]
[PlyCount "93"]
[EventDate "1997.03.22"]
[Source "J.Saunders"]
[SourceDate "1998.06.06"]

1. e4 c5 2. Nf3 e6 3. Nc3 a6 4. d4 cxd4 5. Nxd4 b5 6. Bd3 Bb7 7. O-O Nc6 8.
Nxc6 dxc6 9. e5 Ne7 10. Qh5 Qc7 11. Re1 Ng6 12. Bxg6 fxg6 13. Qg4 Qf7 14. Ne4
Qf5 15. Qh4 c5 16. Nd6+ Bxd6 17. exd6 O-O 18. Bg5 Rf7 19. Rad1 Bd5 20. Rd2 h6
21. Be7 Ra7 22. f3 Rd7 23. Qf2 c4 24. Rde2 g5 25. Qc5 Bb7 26. Qxf5 exf5 27. Re5
g4 28. f4 g6 29. Rc5 Be4 30. a4 Rh7 31. axb5 axb5 32. Rxb5 Kf7 33. Rc5 Bxc2 34.
Rc7 Ba4 35. Rxc4 Bb5 36. Rc8 Rb7 37. Rf8+ Kg7 38. Rc1 Rh8 39. Rc7 Rxc7 40. dxc7
Ba6 41. Rd8 Rg8 42. b4 Kf7 43. b5 Bc8 44. b6 Ba6 45. Bd6 Re8 46. Be5 Ke7 47.
Rb8 1-0

[Event "NCL967 Barbican-Wood Green"]
[Site "Rd9"]
[Date "1997.??.??"]
[Round "9.2"]
[White "Pritchett, Craig"]
[Black "Arakhamia, Ketevan"]
[Result "1/2-1/2"]
[WhiteElo "2325"]
[BlackElo "2455"]
[PlyCount "63"]
[EventDate "1997.03.22"]
[Source "J.Saunders"]
[SourceDate "1998.06.06"]

1. Nf3 Nf6 2. c4 g6 3. Nc3 Bg7 4. e4 d6 5. d4 O-O 6. Be2 e5 7. O-O Nc6 8. d5
Ne7 9. b4 Nh5 10. Re1 Nf4 11. Bf1 Bg4 12. h3 Bxf3 13. Qxf3 f5 14. g3 Nh5 15.
Bg2 Nf6 16. Qd3 Qd7 17. a4 fxe4 18. Nxe4 Nxe4 19. Qxe4 a5 20. c5 axb4 21. Qxb4
dxc5 22. Qxc5 e4 23. Ra3 Nxd5 24. Bxe4 Nb6 25. Rd3 Qf7 26. Bxb7 Rxa4 27. Re7
Rc4 28. Rxf7 Rxc5 29. Rxf8+ Bxf8 30. Be3 Ra5 31. Kg2 Bc5 32. Bf4 1/2-1/2